Make the most of your potential (Record no. 215885)

MARC details
000 -LEADER
fixed length control field 00483nam a2200181Ia 4500
008 - FIXED-LENGTH DATA ELEMENTS--GENERAL INFORMATION
fixed length control field 210719s2009 xx 000 0 und d
020 ## - INTERNATIONAL STANDARD BOOK NUMBER
International Standard Book Number 978-81-7108-637-5
041 ## - LANGUAGE CODE
Language code of text/sound track or separate title eng
082 ## - DEWEY DECIMAL CLASSIFICATION NUMBER
Classification number 158.1 MAUM
100 ## - MAIN ENTRY--PERSONAL NAME
Personal name MAURUS (J)
245 ## - TITLE STATEMENT
Title Make the most of your potential
260 ## - PUBLICATION, DISTRIBUTION, ETC.
Place of publication, distribution, etc. Mumbai
Name of publisher, distributor, etc. Better yourself books
Date of publication, distribution, etc. 2009
300 ## - PHYSICAL DESCRIPTION
Extent 227
Other physical details PB
365 ## - TRADE PRICE
Price amount 110
Currency code Rs
650 ## - SUBJECT ADDED ENTRY--TOPICAL TERM
Topical term or geographic name entry element Applied Psychology
650 ## - SUBJECT ADDED ENTRY--TOPICAL TERM
Topical term or geographic name entry element Applied Psychology
906 ## - LOCAL DATA ELEMENT F, LDF (RLIN)
a Make ; most ; potential ; your
Holdings
Withdrawn status Lost status Damaged status Not for loan Collection code Home library Current library Date acquired Source of acquisition Cost, normal purchase price Total Checkouts Full call number Barcode Date last seen Date last checked out Price effective from Koha item type
          St Aloysius Library St Aloysius Library 03/15/2019 General Annual 110.00 1 158.1 MAUM D04520 04/01/2025 03/10/2025 07/19/2021 Donated Books